Μαθήματα οπτικής
Αποθηκεύτηκε σε:
| Κύριος συγγραφέας: | |
|---|---|
| Μορφή: | Βιβλίο |
| Γλώσσα: | Greek |
| Δημοσίευση: |
Αθήνα :
Σύγχρονη Γνώση,
c2005.
|
| Θέματα: | |
| Ετικέτες: |
Προσθήκη ετικέτας
Δεν υπάρχουν, Καταχωρήστε ετικέτα πρώτοι!
|
MARC
| LEADER | 00000nam a2200000 a 4500 | ||
|---|---|---|---|
| 001 | 1/116691 | ||
| 008 | 180531s2005####gr a ||| |||| ||gre|| | ||
| 020 | |a 9606308979 | ||
| 040 | |a GR-MyUa |b gre |c GR-MyUa |e AACR2 | ||
| 041 | 0 | |a gre | |
| 082 | 7 | |a 535 |2 (23) | |
| 100 | 1 | |a Ασημέλλης, Γιώργος. | |
| 245 | 1 | 0 | |a Μαθήματα οπτικής / |c Γιώργος Ασημέλλης. |
| 260 | |a Αθήνα : |b Σύγχρονη Γνώση, |c c2005. | ||
| 300 | |a Ποικίλη σελιδαρίθμηση : |b εικ. ; |c 24 εκ. | ||
| 500 | |a Οπτική και φως -- Γεωμετρική οπτική -- Πόλωση -- Διασκεδασμός & απορρόφηση -- Συμβολή -- Περίθλαση -- Αρχές λειτουργίας των laser. | ||
| 504 | |a Περιλαμβάνει βιβλιογραφία και ευρετήριο. | ||
| 650 | 0 | |a Optics | |
| 852 | |a INST |b LESVOS |c EUDOXUS |e 20180531 |h 535 ΑΣΗ |p 005100060362 |q 005100060362 |t EDX |y 0 | ||
| 920 | |a Εύδοξος |b Παραγγελία |y Λέσβος-ΤΠΤΕ |z 2018-04 | ||
| 970 | |z 31-05-2018 | ||